Las instituciones de educación superior y la violencia de género / (Record no. 199099)
[ view plain ]
| 000 -CABECERA | |
|---|---|
| campo de control de longitud fija | 00876nam a2200229 u 4500 |
| 005 - FECHA Y HORA DE LA ÚLTIMA TRANSACCIÓN | |
| campo de control | 20221001063900.0 |
| 008 - ELEMENTOS DE LONGITUD FIJA--INFORMACIÓN GENERAL | |
| campo de control de longitud fija | 181002s2017 mx r 000 0 spa d |
| 020 ## - NÚMERO INTERNACIONAL NORMALIZADO PARA LIBROS | |
| Número Internacional Estándar del Libro | 9786075350066 |
| 035 ## - NÚMERO DE CONTROL DEL SISTEMA | |
| Número de control de sistema | UPN01000227003 |
| 049 ## - COLECCIÓN | |
| Colección | CG |
| 050 #4 - SIGNATURA TOPOGRÁFICA DE LA BIBLIOTECA DEL CONGRESO | |
| Número de clasificación | LC212.863 M6 |
| Número de documento/Ítem | M3.4 |
| 100 1# - ASIENTO PRINCIPAL--NOMBRE PERSONAL | |
| Nombre de persona | Martínez Lozano, Consuelo Patricia |
| 9 (RLIN) | 42207 |
| 245 14 - MENCIÓN DE TÍTULO | |
| Título | Las instituciones de educación superior y la violencia de género / |
| Mención de responsabilidad, etc. | Consuelo Patricia Martínez Lozano. |
| 260 ## - PUBLICACIÓN, DISTRIBUCIÓN, ETC. | |
| Lugar de publicación, distribución, etc. | México : |
| Nombre del editor, distribuidor, etc. | Eón : |
| -- | Universidad Autónoma de San Luis Potosí, |
| Fecha de publicación, distribución, etc. | 2017. |
| 300 ## - DESCRIPCIÓN FÍSICA | |
| Extensión | 123, [xiv] p. : |
| Otras características físicas | il. col., cuadros |
| 440 #0 - MENCIÓN DE SERIE/ASIENTO SECUNDARIO--TÍTULO | |
| Título | Diversidad sin violencia ; |
| Designación de volumen o secuencia | 11 |
| 650 #2 - ASIENTO SECUNDARIO DE MATERIA - TERMINO TEMATICO | |
| Término de materia o nombre geográfico como elemento de entrada | Discriminación sexual en la educación superior |
| Subdivisión geográfica | México |
| 9 (RLIN) | 25280 |
| 650 #4 - ASIENTO SECUNDARIO DE MATERIA - TERMINO TEMATICO | |
| Término de materia o nombre geográfico como elemento de entrada | Discriminación sexual contra la mujer |
| Subdivisión geográfica | México |
| 9 (RLIN) | 25013 |
| 650 #4 - ASIENTO SECUNDARIO DE MATERIA - TERMINO TEMATICO | |
| Término de materia o nombre geográfico como elemento de entrada | Violencia |
| Subdivisión general | Aspectos sociales |
| Subdivisión geográfica | México |
| 9 (RLIN) | 14662 |
| 905 ## - TIPO DE MATERIAL | |
| Tipo de material | Libro |
| Estado de retiro | Estado de pérdida | Fuente del sistema de clasificación o colocación | Estado dañado | No para préstamo | Código de colección | Localización permanente | Ubicación/localización actual | Ubicación en estantería | Fecha de adquisición | Total de préstamos | Clasificación | Código de barras | Fecha visto por última vez | Fecha del último préstamo | Número de copia | Tipo de ítem Koha |
|---|---|---|---|---|---|---|---|---|---|---|---|---|---|---|---|---|
| Library of Congress Classification | Colección General | Bib. Gregorio Torres Quintero | Bib. Gregorio Torres Quintero | Planta baja | 07/06/2024 | 4 | LC212.863 M6 M3.4 | 326987 | 08/06/2024 | 07/06/2024 | 1 | Libro | ||||
| Library of Congress Classification | Colección General | Bib. Gregorio Torres Quintero | Bib. Gregorio Torres Quintero | Planta baja | 02/09/2022 | 2 | LC212.863 M6 M3.4 | 326988 | 05/10/2022 | 02/09/2022 | 1 | Libro |
